| 000 | 00644nam a22001337a 4500 | ||
|---|---|---|---|
| 040 | _cRUA | ||
| 082 | _aFIS CHH 2009 B182 Or.1 | ||
| 100 | _aCHHUN OUN ; ឈុន អូន. | ||
| 245 | _aCrab bank establishment process in kep thmey and chang horn communities kampot province, ដំណើរការបង្កើតធនាគារក្ដាម នៅសហគមន៍កែបថ្មី និង ចង្ហោន ខេត្តកំពត. | ||
| 260 |
_aPhnom Penh _bRUA _c2009 |
||
| 300 |
_ax; 41p. _bill. _c29cm. |
||
| 856 | _uhttps://drive.google.com/file/d/1-fqw14Jj9a725odC3aODkWoiDglEglsn/view?usp=sharing | ||
| 942 | _cFIS | ||
| 999 |
_c4055 _d4055 |
||